| 000 | 00427cam a2200169ua 4500 | ||
|---|---|---|---|
| 041 |
_amal _h |
||
| 082 |
_a894.812 308 _bPOT/OR |
||
| 100 | _aPottakkad, S.K. . | ||
| 245 |
_aOru desahathinte katha / _cBy S. K. Pottakkad. _hTextual Documents |
||
| 250 |
_a12 / _b. |
||
| 260 |
_aKottayam : _bD C Books , _c2007. |
||
| 300 | _a568 ; . | ||
| 504 | _a | ||
| 650 | _aFiction - Malayalam | ||
| 942 | _cBK | ||
| 999 |
_c13567 _d13567 |
||